Kovové konštrukcie II : Pomôcka na cvičenie. Príklady výpočtu konštrukcií pozemných stavieb /

Gespeichert in:
Bibliographische Detailangaben
1. Verfasser: Kalousek, Vladislav (Verfasst von)
Format: Buch
Sprache:Slowakisch
Veröffentlicht: Bratislava : STU v Bratislave, 1993
Ausgabe:1.preprac.vyd.
Tags: Tag hinzufügen
Keine Tags, Fügen Sie das erste Tag hinzu!

MARC

LEADER 00000nam a22000003a 4500
001 stu27652
005 20150617225740.9
008 940513s1993----xo------------------slo-d
020 |a 80-227-0615-9 
040 |a STU  |b slo 
041 0 |a slo 
044 |a xo 
100 1 |a Kalousek, Vladislav  |4 aut 
245 1 |a Kovové konštrukcie II :  |b Pomôcka na cvičenie. Príklady výpočtu konštrukcií pozemných stavieb /  |c [aut]Kalousek,Ladislav 
250 |a 1.preprac.vyd. 
260 |a Bratislava :  |b STU v Bratislave,  |c 1993 
300 |a 107 s 
996 |b 284V029417  |c V*34822/S-94  |l VVT  |s A  |a 24  |w stu27652_0001 
996 |b 284V004806  |c V*34823/S-94  |l VVS  |s A  |a 24  |w stu27652_0002 
996 |b 284V004815  |c V*34824/S-94  |l VVS  |s A  |a 24  |w stu27652_0003